000 00842cam a2200229 a 4500
020 _a0803962924 (pbk. : alk. paper)
040 _cDLC
082 0 0 _a379 COR 1995 A021 Or.
100 1 _aLeithwood, Kenneth A.
245 1 0 _aMaking schools smarter :
_ba system for monitoring school and district progress /
260 _aThousand Oaks, Calif. :
_bCorwin Press,
_cc1995.
300 _axv, 198 p. :
_bill. ;
_c29 cm.
650 0 _aEducational evaluation
650 0 _aEducational indicators
650 0 _aEducational accountability
650 0 _aSchool districts
700 1 _aAitken, Robert,
856 4 2 _uhttp://www.loc.gov/catdir/enhancements/fy0655/95017947-d.html
856 4 1 _uhttp://www.loc.gov/catdir/enhancements/fy0655/95017947-t.html
856 4 2 _uhttp://www.loc.gov/catdir/enhancements/fy0734/95017947-b.html
942 _cEK
999 _c12850
_d12850